000 00997njm a22002417a 4500
005 20100903120219.0
007 sd ammalaaahaa
008 100901t xxu||||| |||| 00| 0 hin d
028 _aN. 15929
_bHis Master's Voice
028 _aOJE. 608
_bHis Master's Voice
035 _aGR-405
040 _aSED/VEN
100 _917815
245 _aHindustan hamara /
_cmusician by Vasant Desai
_h[sound recording] :
_bInstumental
246 _aहिंदुस्तान हमारा
260 _aDum Dum, India
_bHis Master's Voice
300 _a1 sound disc :
_banalog, 33 1/3 rpm
_c10 in.
500 G _aBrief record
505 _aMohhul court dance ( मोह्हुल कोर्ट डांस) पार्ट १, cosmic dance of shiv (कॉस्मिक डांस ऑफ़ शिव ) पार्ट २
650 _aClassical music
_xExcerpts
_zIndia
_917813
942 _2ddc
_cGR
999 _c43541
_d43541